Loading...
Psychometrics DS261 units4-6 /
| Main Author: | |
|---|---|
| Format: | Printed Book |
| Language: | English |
| Published: |
Open University Press,
1974.
|
| LEADER | 00383nam a2200121Ia 4500 | ||
|---|---|---|---|
| 008 | 150624b xxu||||| |||| 00| 0 eng d | ||
| 100 | |a Annette, John | ||
| 245 | |a Psychometrics DS261 units4-6 / |c John Annette | ||
| 260 | |b Open University Press, |c 1974. | ||
| 300 | |a 115 p. | ||
| 942 | |c BK | ||
| 999 | |c 23822 |d 23822 | ||
| 952 | |0 1 |1 0 |2 ddc |4 1 |7 0 |9 23821 |a UL |b UL |c Ref2 |d 1998-08-27 |l 0 |p 34927 |r 2012-10-27 |x R3 |y REF | ||